000 00776cam a2200205 4500
001 WB3729-15
008 010725n2001 000 0 eng u
035 _a(Sirsi) u113753
245 _aRent reform race-law risk
260 _c2001
490 _aHousing Today
_v19 July 2001, 1(1)
520 _aHousing association chiefs warn that rent policy restructuring proposals could be in breach of anti-racism legislation if they are not accompanied by an increase in grant rates in regeneration areas. Without this increase it is possible that development may not take place in low value areas.
590 _aWB
650 _aRENT CONTROL
650 _aCONVERGENCE
650 _aRACE DISCRIMINATION
650 _aHOUSING ASSOCIATIONS
690 _aHOUSING
942 _n0
999 _c67776
_d67776